[Event "Santiago CALF op"]
[Site "Santiago de Chile"]
[Date "2003.??.??"]
[Round "5.15"]
[White "Paredes, David"]
[Black "Henriquez, Cristobal"]
[Result "1-0"]
[WhiteElo "1744"]
[BlackElo "1539"]
[PlyCount "63"]
[EventDate "2003.??.??"]
[EventType "swiss"]
[EventRounds "9"]
[EventCountry "CHI"]
[SourceTitle "EXT 2004"]
[Source "ChessBase"]
[SourceDate "2003.11.25"]
[SourceVersion "1"]
[SourceVersionDate "2003.11.25"]
[SourceQuality "1"]

1. e4 e5 2. Nf3 Nc6 3. Bc4 Nf6 4. d4 exd4 5. Ng5 d5 6. exd5 Nxd5 7. Qe2+ Qe7 8. Qxe7+ Ndxe7 9. Bxf7+ Kd8 10. 0-0 h6 11. Ne6+ Bxe6 12. Bxe6 g5 13. b3 Rh7 14. Bb2 Rg7 15. Nd2 Rg6 16. Rfe1 Ng8 17. h3 Na5 18. Kh1 Nf6 19. Kg1 Bg7 20. Kh1 Ne8 21. Nc4 c5 22. c3 Nc6 23. Bf7 Rf6 24. Rxe8+ Kc7 25. Rxa8 a6 26. Bh5 Nb8 27. cxd4 Rf4 28. d5 b5 29. d6+ Kd8 30. Rxb8+ Kd7 31. Nb6+ Kc6 32. Bxg7 1-0

[Event "Santiago CALF op"]
[Site "Santiago de Chile"]
[Date "2003.??.??"]
[Round "2.5"]
[White "Paredes, David"]
[Black "Morales Gonzalez, Rodrigo"]
[Result "0-1"]
[WhiteElo "1744"]
[BlackElo "2086"]
[PlyCount "46"]
[EventDate "2003.??.??"]
[EventType "swiss"]
[EventRounds "9"]
[EventCountry "CHI"]
[SourceTitle "EXT 2004"]
[Source "ChessBase"]
[SourceDate "2003.11.25"]
[SourceVersion "1"]
[SourceVersionDate "2003.11.25"]
[SourceQuality "1"]

1. d4 Nf6 2. Nc3 d5 3. Nf3 Bf5 4. g3 e6 5. Bg2 Bb4 6. 0-0 0-0 7. Bf4 c5 8. Ne5 Nbd7 9. a3 Bxc3 10. bxc3 Qa5 11. Re1 Qxc3 12. Nxd7 Nxd7 13. e4 Bxe4 14. Bxe4 dxe4 15. Rxe4 Nf6 16. Re3 Qc4 17. Rb1 Nd5 18. Qd3 Nxe3 19. Qxe3 b6 20. c3 Rad8 21. Rb4 Qd5 22. Be5 f6 23. c4 Qd7 0-1